First Name Frenzy! Quiz Stats

 Plays Quiz Updated Sep 23, 2018

Score 0/25 Timer 01:30
2 Plays Today
Question Answer Wrong Answers
Astronaut Armstrong Neil
92.2%
Ned
0.2%
Nick
0.2%
Nigel
0.3%
Rock Singer Osbourne Ozzy
90.6%
Izzy
1.1%
Iggy
0.4%
Eddy
0.5%
Old West Outlaw James Jesse
89.3%
Jimmy
1.4%
Johnnie
0.9%
Joey
0.7%
Rock Singer Joplin Janis
89%
Janine
1.1%
Jenna
1.1%
Jana
1%
Rock Singer Cobain Kurt
88.4%
Kirk
3.5%
Kent
0.4%
Kyle
0.5%
Ice Skater Harding Tonya
87.6%
Tabatha
1.2%
Rhonda
2%
Chandra
1%
Tennis Player King Billie Jean
86.2%
Betty Jean
2.5%
Bessie Jean
1.1%
Barbara Jean
2.4%
Serial Killer Bundy Ted
85.6%
Ned
1.9%
Ed
4.2%
Jed
0.6%
'Friends' Actress Kudrow Lisa
85.2%
Linda
1%
Liza
4.7%
Lindsey
1.4%
Drug Lord Escobar Pablo
84.4%
Pedro
5.5%
Pietro
0.7%
Paco
1.5%
SNL Member Chase Chevy
84.3%
Ford
3.3%
Kia
1.6%
Buick
1.8%
Wrestler Cena John
82.1%
Jack
3.2%
Jim
2.3%
Jeff
3.2%
Sharpshooter Oakley Annie
80.9%
Anna
4.3%
Fannie
3%
Franny
2.6%
Anthropologist Goodall Jane
80.9%
Jan
2.1%
Jean
4.1%
Joan
4.2%
White Collar Criminal Madoff Bernie
77.5%
Bennie
5.2%
Barney
3.6%
Ernie
4%
Author Bradbury Ray
77.3%
Roy
5.4%
Ralph
4.1%
Rick
3.7%
U.S. Senator Rubio Marco
74%
Marcus
4.9%
Ricardo
3.9%
Mario
8.1%
TV Host Povich Maury
73.1%
Murray
5.9%
Manny
5%
Marty
6.2%
Children's TV Host Rogers Fred
70.8%
Frank
6.9%
Phil
11%
Fritz
1.4%
Model Hadid Gigi
69.7%
Mimi
7.5%
Fifi
3%
Bebe
9.4%
Actress Sorvino Mira
67.8%
Mina
13.5%
Meara
3.3%
Maura
4.5%
SNL Member Radner Gilda
66%
Glinda
8.5%
Gladys
8%
Goldie
6.3%
'Wolf Man' Actor Chaney, Jr. Lon
54.6%
Don
21.1%
Ron
7.9%
Jon
5.7%
Baseball Pitcher Verlander Justin
53.6%
Jason
20.1%
Jackson
6.9%
Julian
7.3%
Civil Rights Activist Scott King Coretta
53%
Loretta
27.5%
Caroline
4.1%
Charlotte
5.2%

You're not logged in!

Compare scores with friends on all Sporcle quizzes.
OR
Log In

Sporcle TV

Today on Sporcle TV


Watch our educational content, quiz creation guides, and fun videos on Sporcle TV.

Show Comments

Extras

Top Quizzes Today


Score Distribution

Your Account Isn't Verified!

In order to create a playlist on Sporcle, you need to verify the email address you used during registration. Go to your Sporcle Settings to finish the process.

Report this User

Report this user for behavior that violates our Community Guidelines.

Details: